000 01090nam a2200289Ia 4500
005 20240524112511.0
008 130821s2010 sp ao gr spa
020 _a9788498352139
040 _aCo-BoUCM
_bspa
_cDavid Moreno (modificó)
_dDavid Moreno (modificó)
041 0 0 _aspa
060 0 0 _aWE 141
245 0 3 _aEl concepto maitland su aplicación en fisioterapia
_cGerti Bucher-Dollenz...[et al.]
260 _aMadrid (España)
_bEditorial Médica Panamericana
_c2010
300 _axxix, 132 Páginas
_bilustraciones, fotografías
650 0 4 _aEnfermedades musculares
_vDiagnostico
_914426
650 0 4 _aEnfermedades neuromusculares
_vDiagnostico
_914429
650 0 4 _aFisioterapia
_915956
650 0 4 _aNeurología
_920299
650 0 4 _aRehabilitación
_9361
650 0 4 _aSistema muscular
_924559
650 0 4 _aSistema nervioso
_924577
700 1 _aBlake, Robin
_9181026
700 1 _aBucher-Dollenz, Gerti
_9181027
700 1 _aWiesner, Renate
_9181028
765 _tTherapiekonzepte in der physiotherapie: Maitland
942 _cLIBRO
_a15
_e1
_mC7442
_2NLM
_hWE 141
_n0
999 _c70111
_d70111